Vida de Nuestro Señor Jesucristo

Gespeichert in:
Bibliographische Detailangaben
1. Verfasser: Sin Autor
Format: keine Angabe
Sprache:Spanisch
Erschienen: Madrid Bruño 1962
Katalog:MANES:  Suchergebnis im Bibliothekskatalog
Schulbuchspezifische Eigenschaften:
Tags: Tag hinzufügen
Keine Tags, Fügen Sie den ersten Tag hinzu!
Hinzugefügt zu:26.04.2016

MARC

LEADER 000000000a22000000004500
001 16683
003 OSt
008 160427s sp ||||| |||| 00| 0 spa d
041 1 |a spa 
040 |c centro_manes 
691 7 |a PRI 
691 0 |a SE 
100 1 |a Sin Autor  |9 11994 
245 0 0 |a Vida de Nuestro Señor Jesucristo 
260 3 |a Madrid  |b Bruño  |c 1962 
300 |a 126p  |c 24 * 18 cm 
500 |a ILUSTRACIONES: Contiene muchas en color. ENCUADERNACIÓN: Cartoné. DESCRIPCIÓN CONTENIDO: Lecturas religiosas. PALABRAS CLAVE: Libro de texto. NéMERO EJEMPLARES: 1. Nº TOPOGRÁFICO: 1157. CONSERVACIÓN: Buena. 
690 7 |a RyM 
942 |2 ddc  |c BK 
546 |a España 
999 |c 22652  |d 22652 
999 |c manes:22652  |d 22652